01263cam a22002531 4500001001300000003000400013005001700017008004100034010001700075035001900092040002400111043001200135050001600147100005000163245034200213260004800555300003500603500002800638500014700666500009800813651003200911651004200943700002400985rc 01002692 DLC20260227111907.0800515s1855 nyub 000 0 eng  arc 01002692  a(OCoLC)6320975 aDLCcInUdInHidDLC an-us---00aF597b.C7241 aColton, J. H.q(Joseph Hutchins),d1800-1893.09aColton's traveler and tourist's guide-book through the western states and territories,bcontaining brief descriptions of each, with the routes and distances on the great lines of travel. Accompanied by a map, exhibiting the township lines of the U. S. surveys, the boundaries of counties, position of cities, villages, settlements, etc. aNew York,bJ. H. Colton and company,c1855. a99, [1] p.bfold. map.c16 cm. aImperfect: map wanting. aIncludes the states of Ohio, Michigan, Indiana, Illinois, Missouri, Iowa and Wisconsin, and the territories of Minnesota, Kansas and Nebraska. aBased in part upon an earlier work: The western tourist, or Emigrant's guide, New York, 1844. 0aNorthwest, OldvGuidebooks. 0aMississippi River ValleyvGuidebooks.1 aSmith, John Calvin.